Statistics for Top 5 Songs On Thriller (Michael Jackson)

Click here to take the quiz!

General Stats

  • This quiz has been taken 14 times
  • The average score is 3 of 5

Answer Stats

HintAnswer% Correct
477,596,978Thriller
100%
1,363,104,840Billie Jean
93%
868,938,379Beat It
79%
155,330,367Wanna Be Startin' Somethin'
43%
327,640,795P.Y.T. (Pretty Young Thing)
14%

Score Distribution

Percentile by Number Answered

Percent of People with Each Score

Your Score History

You have not taken this quiz